[Event "Atina Open og KM 2024"]
[Site "Copenhagen"]
[Date "2024.11.08"]
[Round "3.8"]
[White "Kistrup, Nicolai"]
[Black "Guindy, Esmat Susanne"]
[Result "0-1"]
[WhiteElo "2420"]
[BlackElo "2020"]
[EventDate "2024.11.08"]
[EventType "swiss"]
[EventRounds "7"]
[EventCountry "DEN"]
[SourceTitle "Live v. Kasper Jerwiarz"]

1. d4 d5 2. c4 e6 3. Nf3 Nf6 4. g3 Be7 5. Bg2 O-O 6. Nc3 c6 7. O-O b6 8. b3 Bb7 9. Bb2 Nbd7 10. Qc2 Rc8 11. e4 dxe4 12. Ng5 Qc7 13. Ncxe4 Nxe4 14. Nxe4 c5 15. dxc5 Nxc5 16. Qc3 f6 17. Rfe1 Nxe4 18. Bxe4 Bxe4 19. Rxe4 e5 20. Rd1 Rfd8 21. Ree1 Bc5 22. Qf3 Bb4 23. Rf1 Qe7 24. Qe4 Rxd1 25. Rxd1 Rd8 26. Rd5 Rxd5 27. Qxd5+ Kf8 28. Kg2 g6 29. Bc1 Kg7 30. Be3 Qd6 31. Qb7+ Qe7 32. Qa8 Qd7 33. h4 h5 34. Qe4 Qd6 35. Qb7+ Qe7 36. Qc8 Qf8 37. Qb7+ Qe7 38. Qa8 Qd7 39. a4 Qe7 40. Qc6 Kf7 41. Bh6 Bc5 42. Qa8 a5 43. Qd5+ Qe6 44. Qb7+ Qe7 45. Qd5+ Qe6 46. Qe4 Qd7 47. Bc1 Qd1 48. Qb7+ Ke6 49. Qc6+ Kf7 50. Qb7+ Ke6 51. Qc8+ Qd7 52. Qg8+ Qf7 53. Qa8 Qd7 54. Qe4 Kf7 55. Bh6 Qd4 56. Qb7+ Ke6 57. Be3 Qd6 58. Qc8+ Kf7 59. Bxc5 Qxc5 60. Qd7+ Kg8 61. Qe6+ Kg7 62. Qd7+ Kg8 63. Kf3 Kf8 64. Ke2 Kg8 65. Qe8+ Kg7 66. Qd7+ Kg8 67. Qd3 Kf7 68. Qe4 Qd6 69. Qb7+ Ke6 70. Qc8+ Kf7 71. Qb7+ Ke6 72. Qg7 Kf5 73. Qg8 Qc6 74. f3 e4 75. g4+ Kf4 76. Qxg6 exf3+ 77. Kf1 hxg4 78. h5 Qe6 79. Qd3 g3 80. Qd2+ Qe3 81. Qd6+ Kg4 82. Qd7+ Kh4 0-1

[Event "Atina Open og KM 2024"]
[Site "Copenhagen"]
[Date "2024.11.08"]
[Round "3.9"]
[White "Bronnum, Jan"]
[Black "Jacobsen, Mikkel Manosri"]
[Result "0-1"]
[WhiteElo "1997"]
[BlackElo "2289"]
[EventDate "2024.11.08"]
[EventType "swiss"]
[EventRounds "7"]
[EventCountry "DEN"]
[SourceTitle "Live v. Kasper Jerwiarz"]

1. d4 d5 2. Bf4 c5 3. e4 e6 4. Nc3 Nc6 5. Nb5 cxd4 6. Nc7+ Kd7 7. Nxa8 dxe4 8. Nc7 e5 9. Bxe5 Nxe5 10. Qxd4+ Kxc7 11. Qxe5+ Bd6 12. Qxe4 Nf6 13. Qc4+ Kb8 14. O-O-O Be6 15. Qa4 Qc7 16. Bd3 Ng4 17. Nh3 Nxh2 18. Rhe1 Ng4 19. Kb1 Bd7 20. Qb3 Ne5 21. Be4 Be6 22. Bd5 Bxh3 23. gxh3 f6 24. Re3 Bc5 25. Rc3 b6 26. f4 Ng6 27. f5 Ne5 28. Qb5 Qe7 29. a4 Rd8 30. Qe2 Qd7 31. Qb5 Qe7 32. a5 Rd7 33. axb6 Bxb6 34. Ra3 Qd8 35. c4 Rc7 36. b3 Rc5 37. Qb4 Qd7 38. Ra6 Qxf5+ 39. Ka2 Qc2+ 40. Ka3 Kc7 41. Rxa7+ Bxa7 42. Qb7+ Kd6 43. Bf3+ Nd3 44. Qf7 Ra5# 0-1

[Event "Atina Open og KM 2024"]
[Site "Copenhagen"]
[Date "2024.11.08"]
[Round "3.10"]
[White "Falkesgaard, Jeppe Hald"]
[Black "Saravana, Vedant Kumar"]
[Result "1-0"]
[WhiteElo "2266"]
[BlackElo "2022"]
[EventDate "2024.11.08"]
[EventType "swiss"]
[EventRounds "7"]
[EventCountry "DEN"]
[SourceTitle "Live v. Kasper Jerwiarz"]

1. c4 e5 2. Nc3 d6 3. Nf3 f5 4. d4 e4 5. Ng5 Be7 6. Nh3 Nf6 7. g3 c6 8. Bg2 Na6 9. d5 O-O 10. O-O Nc5 11. f3 b5 12. cxb5 cxb5 13. Nxb5 Qb6 14. Nd4 Nxd5 15. Kh1 Bb7 16. Nf4 Nxf4 17. Bxf4 d5 18. Be3 Qc7 19. b4 Nd7 20. Ne6 Qd6 21. Nxf8 Rxf8 22. fxe4 fxe4 23. Rxf8+ Bxf8 24. Qd4 a6 25. Rd1 Ne5 26. Bf4 Nc6 27. Bxd6 Nxd4 28. Bxf8 Nxe2 29. Bc5 Nc3 30. Rf1 g6 31. Rf8+ Kg7 32. Rb8 1-0

[Event "Atina Open og KM 2024"]
[Site "Copenhagen"]
[Date "2024.11.09"]
[Round "4.1"]
[White "Hoi, Carsten"]
[Black "Tilicheev, Viacheslav"]
[Result "1/2-1/2"]
[WhiteElo "2301"]
[BlackElo "2437"]
[EventDate "2024.11.08"]
[EventType "swiss"]
[EventRounds "7"]
[EventCountry "DEN"]
[SourceTitle "Live v. Kasper Jerwiarz"]

1. c4 Nf6 2. d4 g6 3. Nc3 Bg7 4. e4 d6 5. Nf3 O-O 6. h3 e5 7. d5 Nh5 8. Be3 Na6 9. a3 f5 10. Qc2 Qe8 11. O-O-O Bd7 12. Kb1 Nf6 1/2-1/2

[Event "Atina Open og KM 2024"]
[Site "Copenhagen"]
[Date "2024.11.09"]
[Round "4.2"]
[White "Perets, Dmytro"]
[Black "Medhus, Vitus Bondo"]
[Result "1-0"]
[WhiteElo "2235"]
[BlackElo "2311"]
[EventDate "2024.11.08"]
[EventType "swiss"]
[EventRounds "7"]
[EventCountry "DEN"]
[SourceTitle "Live v. Kasper Jerwiarz"]

1. e4 e5 2. Nf3 Nc6 3. Bb5 a6 4. Ba4 Nf6 5. O-O Be7 6. Bxc6 dxc6 7. d3 Bd6 8. Nbd2 b5 9. d4 Nd7 10. dxe5 Nxe5 11. Nxe5 Bxe5 12. Qh5 Bf6 13. e5 Qd5 14. Re1 O-O 15. Nf3 g6 16. Qh6 Bg7 17. Qh4 h5 18. h3 Bf5 19. Bg5 Bxc2 20. Rac1 Bf5 21. Rcd1 Qxa2 22. g4 Bc2 23. Rd4 c5 24. Rf4 Qe6 25. gxh5 gxh5 26. Bf6 Rae8 27. Qxh5 Bg6 28. Qg5 c6 29. Kh2 c4 30. Nd4 Bxf6 31. Rxf6 Qd7 32. Nf5 Re6 33. Qh6 Bxf5 34. Rg1+ Bg6 35. Rgxg6+ fxg6 36. Rxf8# 1-0

[Event "Atina Open og KM 2024"]
[Site "Copenhagen"]
[Date "2024.11.09"]
[Round "4.3"]
[White "Guindy, Esmat Susanne"]
[Black "Pedersen, Daniel Vesterbaek"]
[Result "1/2-1/2"]
[WhiteElo "2020"]
[BlackElo "2228"]
[EventDate "2024.11.08"]
[EventType "swiss"]
[EventRounds "7"]
[EventCountry "DEN"]
[SourceTitle "Live v. Kasper Jerwiarz"]

1. Nf3 Nf6 2. c4 g6 3. g3 Bg7 4. Bg2 d6 5. O-O O-O 6. Nc3 c5 7. d4 Nc6 8. h3 cxd4 9. Nxd4 Nxd4 10. Qxd4 Be6 11. Qh4 Rc8 12. b3 Nd7 13. Bd2 b6 14. Rac1 a6 15. Ne4 f6 16. Bh6 b5 17. cxb5 axb5 18. Bxg7 Kxg7 19. Nc3 Qa5 20. b4 Qa6 21. Qe4 Kf7 22. Qxe6+ Kxe6 23. Bd5+ Kf5 24. f4 g5 25. Be4+ Ke6 26. Bd5+ Kf5 27. Be4+ Ke6 28. Bd5+ Kf5 1/2-1/2

[Event "Atina Open og KM 2024"]
[Site "Copenhagen"]
[Date "2024.11.09"]
[Round "4.4"]
[White "Jarlskov, Daniel Tuk Hartso"]
[Black "Fries Nielsen, Jens Ove"]
[Result "1-0"]
[WhiteElo "2064"]
[BlackElo "2334"]
[EventDate "2024.11.08"]
[EventType "swiss"]
[EventRounds "7"]
[EventCountry "DEN"]
[SourceTitle "Live v. Kasper Jerwiarz"]

1. d4 Nf6 2. c4 d6 3. Nc3 Nbd7 4. e4 e5 5. d5 Nc5 6. Qc2 a5 7. Be3 Ng4 8. Bxc5 dxc5 9. Nf3 Bd6 10. Bd3 O-O 11. Ne2 Nh6 12. O-O-O a4 13. h3 a3 14. b3 f5 15. exf5 Bxf5 16. Ng3 Bxd3 17. Qxd3 Ra6 18. Ne4 Nf7 19. h4 Be7 20. Kb1 Qd7 21. d6 Rxd6 22. Nxd6 Bxd6 23. Nd2 Qg4 24. Ne4 Rd8 25. Qc2 h6 26. f3 Qf4 27. Qc1 Qxc1+ 28. Kxc1 Kf8 29. Rd5 b6 30. Rh3 Re8 31. Rg3 Re6 32. h5 Nh8 33. Rg4 g5 34. b4 cxb4 35. Nxd6 Rxd6 36. Rxd6 cxd6 37. Kc2 Ke7 38. Kb3 Kd7 39. Kxb4 Kc6 40. g3 Nf7 41. f4 Kd7 42. fxg5 hxg5 43. Re4 Nh6 44. Kb5 Ke6 45. Kxb6 d5 46. cxd5+ Kxd5 47. Ra4 e4 48. Rxa3 Kd4 49. Rb3 Kd5 1-0

[Event "Atina Open og KM 2024"]
[Site "Copenhagen"]
[Date "2024.11.09"]
[Round "4.5"]
[White "Jacobsen, Mikkel Manosri"]
[Black "Gregor, Bjarke"]
[Result "1-0"]
[WhiteElo "2289"]
[BlackElo "2128"]
[EventDate "2024.11.08"]
[EventType "swiss"]
[EventRounds "7"]
[EventCountry "DEN"]
[SourceTitle "Live v. Kasper Jerwiarz"]

1. d4 Nf6 2. c4 e6 3. Nf3 d5 4. g3 Bb4+ 5. Bd2 Be7 6. Bg2 O-O 7. O-O c6 8. Qc2 b6 9. b3 Nbd7 10. Rd1 Bb7 11. Nc3 c5 12. cxd5 exd5 13. Bf4 Rc8 14. Nb5 a6 15. Nd6 Bxd6 16. Bxd6 Re8 17. dxc5 Ne4 18. Bf4 bxc5 19. Nd2 Nef6 20. e4 Qe7 21. exd5 Nxd5 22. Nc4 N7f6 23. Nd6 Nxf4 24. gxf4 Bxg2 25. Kxg2 Qd7 26. f5 Qc6+ 27. Kg1 Nd5 28. Nxc8 Nf4 29. Ne7+ Rxe7 30. Rd8+ Re8 31. Rxe8+ Qxe8 32. Qxc5 h5 33. Qe3 Qb8 34. Re1 Qb4 35. Rd1 Kh7 36. h4 a5 37. a3 Qb8 38. Rd4 1-0

[Event "Atina Open og KM 2024"]
[Site "Copenhagen"]
[Date "2024.11.09"]
[Round "4.6"]
[White "Christensen, Janus"]
[Black "Falkesgaard, Jeppe Hald"]
[Result "0-1"]
[WhiteElo "2130"]
[BlackElo "2266"]
[EventDate "2024.11.08"]
[EventType "swiss"]
[EventRounds "7"]
[EventCountry "DEN"]
[SourceTitle "Live v. Kasper Jerwiarz"]

1. e4 c5 2. Nf3 Nc6 3. d4 cxd4 4. Nxd4 e5 5. Nb5 d6 6. N1c3 a6 7. Na3 Be7 8. Bd3 Nf6 9. O-O Be6 10. Nc4 b5 11. Ne3 Nb4 12. Be2 O-O 13. a3 Nc6 14. Ned5 Nd4 15. Be3 Nxe2+ 16. Qxe2 Nxd5 17. Nxd5 Bxd5 18. exd5 f5 19. f4 Bf6 20. c3 Qd7 21. Rad1 Rfe8 22. Qd3 exf4 23. Bxf4 Be5 24. Be3 g6 25. Rde1 Qb7 26. Re2 Bg7 27. Rd1 Qf7 28. Bf4 Rxe2 29. Qxe2 Re8 30. Qf2 Be5 31. Bh6 Qf6 32. h4 Qe7 33. Bg5 Bf6 34. Bxf6 Qxf6 35. Re1 Re5 36. Rxe5 Qxe5 37. Qd2 f4 38. Kf2 Qf6 39. Kf3 Qxh4 40. Qxf4 Qh5+ 41. Ke4 Qe2+ 42. Kd4 Qc4+ 43. Ke3 Qxd5 44. Qf6 Qc5+ 45. Kd2 Qe5 46. Qd8+ Kf7 47. Qd7+ Qe7 48. Qc6 Qg5+ 49. Kc2 a5 50. Qd7+ Kg8 51. g4 Qe5 52. Qd8+ Kf7 53. Qd7+ Kf6 54. Qd8+ Qe7 55. g5+ Kf7 56. Qxa5 Qxg5 57. Qa7+ Qe7 58. Qf2+ Kg8 59. Qf3 Kg7 60. Qd3 Qe5 61. c4 bxc4 62. Qxc4 h5 63. a4 d5 64. Qc5 Qe4+ 65. Kb3 Qc4+ 0-1

[Event "Atina Open og KM 2024"]
[Site "Copenhagen"]
[Date "2024.11.09"]
[Round "4.7"]
[White "Rasmussen, Casper Dahl"]
[Black "Moe, Mogens"]
[Result "1-0"]
[WhiteElo "2202"]
[BlackElo "2117"]
[EventDate "2024.11.08"]
[EventType "swiss"]
[EventRounds "7"]
[EventCountry "DEN"]
[SourceTitle "Live v. Kasper Jerwiarz"]

1. c4 Nf6 2. Nc3 g6 3. g3 d5 4. cxd5 Nxd5 5. Bg2 Nxc3 6. bxc3 Bg7 7. Rb1 c6 8. h4 h6 9. Nf3 Qa5 10. Qc2 Nd7 11. O-O Nb6 12. c4 Qh5 13. Bb2 O-O 14. Bxg7 Kxg7 15. d3 g5 16. Qc3+ Kh7 17. Qa3 Bg4 18. hxg5 hxg5 19. Qxe7 Rae8 20. Qxb7 Rxe2 21. Nd4 Rxa2 22. Qxc6 Kg7 23. Rfe1 Na4 24. Rb7 Nb2 25. Qe4 Nd1 26. Rxd1 Bxd1 27. Qe5+ Kg8 28. Nf5 Qh8 29. Ne7+ Kh7 30. Qxg5 Re2 31. Be4+ Rxe4 32. Qf5+ Kh6 33. Qxe4 Qa1 34. Nf5+ Kg5 35. Qf4+ Kf6 36. Nd6+ Kg6 37. Qf5+ Kh6 38. Kg2 Bh5 39. Rb5 Bg6 40. Qh3+ Kg7 41. Nf5+ Bxf5 42. Qxf5 Qd4 43. Rd5 Qb6 44. Qg4+ Kf6 45. Qg5+ Ke6 46. Qe5# 1-0

[Event "Atina Open og KM 2024"]
[Site "Copenhagen"]
[Date "2024.11.09"]
[Round "4.8"]
[White "Jaksland, Tim"]
[Black "Jalving, August"]
[Result "1/2-1/2"]
[WhiteElo "2116"]
[BlackElo "2205"]
[EventDate "2024.11.08"]
[EventType "swiss"]
[EventRounds "7"]
[EventCountry "DEN"]
[SourceTitle "Live v. Kasper Jerwiarz"]

1. e4 c5 2. c3 d5 3. exd5 Qxd5 4. d4 Nf6 5. Nf3 e6 6. Na3 Nc6 7. Nb5 Qd8 8. dxc5 Bxc5 9. Qxd8+ Kxd8 10. b4 Bb6 11. Nd6 Ke7 12. Nc4 Bc7 13. b5 Nb8 14. Ba3+ Ke8 15. Nd6+ Bxd6 16. Bxd6 Ne4 17. Bb4 a5 18. bxa6 Nxa6 19. Bb5+ Bd7 20. Bxd7+ Kxd7 21. Ne5+ Ke8 22. f3 Nxb4 23. cxb4 Nc3 24. a3 Ke7 25. Kd2 Nb5 26. a4 Rhd8+ 27. Nd3 Nd4 28. Rhb1 Rd6 29. Rb2 Rc8 30. Ra3 Rdc6 31. Raa2 Rd8 32. Ra3 Rcd6 33. Rc3 Nf5 34. Ke2 Nd4+ 35. Ke3 Nf5+ 36. Ke2 Nd4+ 37. Ke3 Nf5+ 1/2-1/2

[Event "Atina Open og KM 2024"]
[Site "Copenhagen"]
[Date "2024.11.09"]
[Round "4.9"]
[White "Veiergang, Oscar Jacob"]
[Black "Slavensky, Asbjorn Vesterkaer"]
[Result "1/2-1/2"]
[WhiteElo "2151"]
[BlackElo "2104"]
[EventDate "2024.11.08"]
[EventType "swiss"]
[EventRounds "7"]
[EventCountry "DEN"]
[SourceTitle "Live v. Kasper Jerwiarz"]

1. e4 c5 2. Nf3 d6 3. d4 cxd4 4. Nxd4 Nf6 5. Nc3 a6 6. Bg5 e6 7. f4 h6 8. Bh4 Qb6 9. Qd2 Qxb2 10. Rb1 Qa3 11. f5 Be7 12. fxe6 fxe6 13. Bc4 d5 14. exd5 b5 15. Bb3 e5 16. Nf3 Nbd7 17. O-O Bd6 18. Rbe1 O-O 19. Bxf6 Nxf6 20. Nxe5 Bb7 21. Nf3 Rac8 22. Ne4 Nxe4 23. Rxe4 a5 24. Rg4 Rf6 25. Nd4 Rxf1+ 26. Kxf1 Rf8+ 27. Ke2 Rf6 28. Ne6 Bf8 29. Qc3 Kh8 30. Qc7 Qc1 31. Rf4 Rxf4 32. Nxf4 Bb4 33. Qxb7 Qxf4 34. Qxb5 Qxh2 35. Qe8+ Kh7 36. Qe4+ g6 37. Bc4 Qg3 1/2-1/2

[Event "Atina Open og KM 2024"]
[Site "Copenhagen"]
[Date "2024.11.09"]
[Round "4.10"]
[White "Petersen, Peter Birk"]
[Black "Wahlgreen, Noah Krug"]
[Result "0-1"]
[WhiteElo "2142"]
[BlackElo "2090"]
[EventDate "2024.11.08"]
[EventType "swiss"]
[EventRounds "7"]
[EventCountry "DEN"]
[SourceTitle "Live v. Kasper Jerwiarz"]

1. e4 c6 2. d4 d5 3. e5 Bf5 4. Nf3 e6 5. Be2 Ne7 6. O-O Nd7 7. Nbd2 h6 8. Nb3 g5 9. Ne1 c5 10. dxc5 Nc6 11. f4 Nxc5 12. Nf3 Nxb3 13. axb3 Bc5+ 14. Kh1 g4 15. Ng1 h5 16. Bd3 Ne7 17. Re1 Qb6 18. Qe2 Bxd3 19. Qxd3 Nf5 20. Ne2 h4 21. h3 Bf2 22. Rd1 Ng3+ 23. Kh2 Ne4 24. Nd4 Bg3+ 25. Kg1 Nf2 26. Qe2 gxh3 27. gxh3 Rg8 28. Kf1 Nxd1 29. Qxd1 a6 30. Be3 Qc7 31. Nb5 Qc6 32. Nd6+ Ke7 33. Qd4 a5 34. Rd1 Rgd8 35. c3 f6 36. Qd3 fxe5 37. Nxb7 Rh8 38. Nc5 Bxf4 39. Bf2 Raf8 40. Ke2 Bg3 41. Bg1 Rf5 42. b4 Bf4 0-1

[Event "Atina Open og KM 2024"]
[Site "Copenhagen"]
[Date "2024.11.09"]
[Round "5.1"]
[White "Tilicheev, Viacheslav"]
[Black "Perets, Dmytro"]
[Result "1/2-1/2"]
[WhiteElo "2437"]
[BlackElo "2235"]
[EventDate "2024.11.08"]
[EventType "swiss"]
[EventRounds "7"]
[EventCountry "DEN"]
[SourceTitle "Live v. Kasper Jerwiarz"]

1. Nf3 c5 2. e4 d6 3. d4 cxd4 4. Nxd4 Nf6 5. Nc3 g6 6. Be3 Bg7 7. f3 Nc6 8. Qd2 O-O 9. Bc4 Nxd4 10. Bxd4 Be6 11. Bd5 Qa5 12. O-O-O Bxd5 13. Nxd5 Qxd2+ 14. Rxd2 Nxd5 15. Bxg7 Kxg7 16. exd5 Rfc8 17. Re1 Kf8 18. Rd4 Rc7 19. a4 Rac8 20. c3 a5 21. Rh4 h5 22. Rhe4 Rb8 23. g4 hxg4 24. fxg4 b5 25. h4 bxa4 26. Rxa4 Rb5 27. Rd4 Rcc5 28. Rde4 Rc7 29. Rd4 Rcc5 30. Rde4 1/2-1/2

[Event "Atina Open og KM 2024"]
[Site "Copenhagen"]
[Date "2024.11.09"]
[Round "5.2"]
[White "Hoi, Carsten"]
[Black "Jarlskov, Daniel Tuk Hartso"]
[Result "1-0"]
[WhiteElo "2301"]
[BlackElo "2064"]
[EventDate "2024.11.08"]
[EventType "swiss"]
[EventRounds "7"]
[EventCountry "DEN"]
[SourceTitle "Live v. Kasper Jerwiarz"]

1. Nf3 d5 2. e3 Nf6 3. c4 e6 4. Nc3 Be7 5. b3 O-O 6. Bb2 c5 7. cxd5 exd5 8. d4 Nc6 9. Be2 Bg4 10. dxc5 Bxc5 11. O-O a6 12. Rc1 Ba7 13. Nd4 Nxd4 14. Bxg4 Nc6 15. Bf3 d4 16. exd4 Bxd4 17. Bxc6 bxc6 18. Qf3 c5 19. Na4 Qd5 20. Qxd5 Nxd5 21. Ba3 Nf4 22. Rc2 Rfe8 23. g3 Nd3 24. Bxc5 Rac8 25. Rd2 Bxc5 26. Rxd3 Bb4 27. Nb6 Rc2 28. Nd5 Bc5 29. Rc3 Ree2 30. Rxc2 Rxc2 31. b4 Ba7 32. a4 Kf8 33. Kg2 Rd2 34. Nc7 a5 35. bxa5 Ra2 36. Nb5 Bc5 37. a6 Rxa4 38. Rc1 Bb6 39. Rc6 Rxa6 40. Nd6 Ke7 41. Rxb6 Rxb6 42. Nc8+ 1-0

[Event "Atina Open og KM 2024"]
[Site "Copenhagen"]
[Date "2024.11.09"]
[Round "5.3"]
[White "Wahlgreen, Noah Krug"]
[Black "Jacobsen, Mikkel Manosri"]
[Result "0-1"]
[WhiteElo "2090"]
[BlackElo "2289"]
[EventDate "2024.11.08"]
[EventType "swiss"]
[EventRounds "7"]
[EventCountry "DEN"]
[SourceTitle "Live v. Kasper Jerwiarz"]

1. e4 c5 2. Nf3 Nf6 3. e5 Nd5 4. Nc3 e6 5. Nxd5 exd5 6. d4 Nc6 7. dxc5 Bxc5 8. Qxd5 d6 9. exd6 Qb6 10. Qe4+ Be6 11. Qh4 Bxd6 12. Be2 Be7 13. Qe4 O-O-O 14. O-O Bd5 15. Qf5+ Rd7 16. c3 h5 17. Qc2 g5 18. Be3 Qc7 19. Nd4 Bd6 20. h3 g4 21. Nb5 Qd8 22. Nxd6+ Rxd6 23. hxg4 hxg4 24. Bxg4+ Be6 25. Bxe6+ Rxe6 26. g3 Qd5 27. f3 Rxe3 28. Rad1 Qe5 0-1

[Event "Atina Open og KM 2024"]
[Site "Copenhagen"]
[Date "2024.11.09"]
[Round "5.4"]
[White "Medhus, Vitus Bondo"]
[Black "Rasmussen, Casper Dahl"]
[Result "1-0"]
[WhiteElo "2311"]
[BlackElo "2202"]
[EventDate "2024.11.08"]
[EventType "swiss"]
[EventRounds "7"]
[EventCountry "DEN"]
[SourceTitle "Live v. Kasper Jerwiarz"]

1. e4 e5 2. Nc3 Nf6 3. Bc4 Nxe4 4. Qh5 Nd6 5. Qxe5+ Qe7 6. Qxe7+ Bxe7 7. Bb3 O-O 8. d4 c6 9. Nf3 Nf5 10. d5 Na6 11. a3 Nc5 12. Ba2 Bf6 13. O-O b6 14. Bd2 Ba6 15. Rfe1 Rfe8 16. Rad1 Bxc3 17. Rxe8+ Rxe8 18. Bxc3 Na4 19. dxc6 Nxc3 20. cxd7 Ne2+ 21. Kh1 Rd8 22. Ne5 Bb5 23. Nxf7 Rxd7 24. Ne5+ Kf8 25. Nxd7+ Ke7 26. Ne5 Kf6 27. Ng4+ Kg5 28. Ne3 Nf4 29. h4+ Nxh4 30. g3 Bc6+ 31. Bd5 1-0

[Event "Atina Open og KM 2024"]
[Site "Copenhagen"]
[Date "2024.11.09"]
[Round "5.5"]
[White "Falkesgaard, Jeppe Hald"]
[Black "Guindy, Esmat Susanne"]
[Result "1-0"]
[WhiteElo "2266"]
[BlackElo "2020"]
[EventDate "2024.11.08"]
[EventType "swiss"]
[EventRounds "7"]
[EventCountry "DEN"]
[SourceTitle "Live v. Kasper Jerwiarz"]

1. d4 d5 2. c4 e6 3. Nc3 Be7 4. cxd5 exd5 5. Bf4 Nf6 6. e3 O-O 7. Bd3 b6 8. Nf3 c5 9. O-O Nc6 10. b3 cxd4 11. exd4 Bb7 12. Rc1 Ba3 13. Rb1 Bb4 14. Ne2 Re8 15. Ne5 Ne4 16. Nxc6 Bxc6 17. f3 Nf6 18. Rc1 Qd7 19. Ng3 g6 20. Be5 Be7 21. Qd2 Rac8 22. Qf4 Qe6 23. Ba6 Ra8 24. Rfe1 Nd7 25. Bc7 Qf6 26. Qxf6 Bxf6 27. Rxe8+ Rxe8 28. Rxc6 Bxd4+ 29. Kf1 Nc5 30. Bb5 1-0

[Event "Atina Open og KM 2024"]
[Site "Copenhagen"]
[Date "2024.11.09"]
[Round "5.6"]
[White "Jalving, August"]
[Black "Eriksson, Christian Altenburg"]
[Result "1-0"]
[WhiteElo "2205"]
[BlackElo "2129"]
[EventDate "2024.11.08"]
[EventType "swiss"]
[EventRounds "7"]
[EventCountry "DEN"]
[SourceTitle "Live v. Kasper Jerwiarz"]

1. e4 c5 2. Nf3 Nc6 3. d4 cxd4 4. Nxd4 e5 5. Nb5 d6 6. c4 Be6 7. N5c3 Be7 8. Nd5 Nf6 9. Nbc3 O-O 10. Bd3 Rc8 11. O-O Bxd5 12. cxd5 Nb4 13. Be2 Na6 14. Be3 Nc5 15. f3 Nh5 16. g3 g6 17. f4 exf4 18. gxf4 Ng7 19. Bd4 Nd7 20. e5 Nf5 21. Ne4 dxe5 22. fxe5 Nxd4 23. Qxd4 Qb6 24. Qxb6 Nxb6 25. d6 Bd8 26. e6 fxe6 27. Bg4 Re8 28. d7 Nxd7 29. Nd6 Bb6+ 30. Kh1 Nf8 31. Nxc8 Rxc8 32. Rac1 Rd8 33. Rfd1 Re8 34. b4 e5 35. a4 Ne6 36. Rc8 Ng7 37. Rxe8+ Nxe8 38. Bf3 Nf6 39. Bxb7 Ng4 40. Rd7 h5 41. a5 Bd4 42. b5 h4 43. b6 Nf6 44. Rxd4 1-0

[Event "Atina Open og KM 2024"]
[Site "Copenhagen"]
[Date "2024.11.09"]
[Round "5.7"]
[White "Nordenbaek, Jan"]
[Black "Li, Anna Sofie"]
[Result "1-0"]
[WhiteElo "2166"]
[BlackElo "1983"]
[EventDate "2024.11.08"]
[EventType "swiss"]
[EventRounds "7"]
[EventCountry "DEN"]
[SourceTitle "Live v. Kasper Jerwiarz"]

1. e4 e5 2. Nf3 Nc6 3. Bc4 Nf6 4. d3 Bc5 5. c3 a6 6. O-O d6 7. b4 Ba7 8. Bb3 O-O 9. Bg5 h6 10. Bh4 Re8 11. Nbd2 Be6 12. a4 Bxb3 13. Nxb3 Re6 14. Bg3 Ne7 15. Na5 Rb8 16. Nc4 g5 17. Re1 Ng6 18. Ne3 Nh5 19. Nf5 Ngf4 20. d4 Qf6 21. dxe5 dxe5 22. Qc2 Rd8 23. Rad1 Ree8 24. Rxd8 Rxd8 25. Rd1 Nxg3 26. hxg3 Ne6 27. Rxd8+ Nxd8 28. Qd2 Kh7 29. Qd7 g4 30. Nh2 Qg5 31. Nf1 c6 32. Qe8 Qf6 33. N1e3 Bxe3 34. Nxe3 h5 35. Qd7 Kg6 36. a5 Kg7 37. Nf5+ Kh7 38. Nd6 Kg8 39. Nxb7 Nxb7 40. Qxb7 Qd6 41. Qxa6 h4 42. Qe2 Qh6 43. Qxg4+ Kf8 44. gxh4 Qc1+ 45. Kh2 Qxc3 46. h5 Qd2 47. Qh4 Kg7 48. a6 Qa2 49. Qg5+ Kf8 50. h6 Qd5 1-0

[Event "Atina Open og KM 2024"]
[Site "Copenhagen"]
[Date "2024.11.09"]
[Round "5.8"]
[White "Thorsbro, Peter"]
[Black "Veiergang, Oscar Jacob"]
[Result "0-1"]
[WhiteElo "2132"]
[BlackElo "2151"]
[EventDate "2024.11.08"]
[EventType "swiss"]
[EventRounds "7"]
[EventCountry "DEN"]
[SourceTitle "Live v. Kasper Jerwiarz"]

1. d4 Nf6 2. c4 c5 3. d5 b5 4. f3 bxc4 5. e4 d6 6. Bxc4 g6 7. Ne2 Bg7 8. O-O O-O 9. Nbc3 Nbd7 10. Bg5 Nb6 11. Bd3 e6 12. dxe6 Bxe6 13. Nf4 h6 14. Bh4 g5 15. Nxe6 fxe6 16. Bf2 c4 17. Bc2 d5 18. exd5 exd5 19. Re1 Qd6 20. Qd2 Rad8 21. Nb5 Qd7 22. Nd4 Nh5 23. Ne6 Bxb2 24. Nxf8 Rxf8 25. Rab1 Bg7 26. Bc5 d4 27. Re7 Qd5 28. Rc7 d3 29. Bxf8 Kxf8 30. Re1 dxc2 31. Qxc2 Qd3 32. Rxc4 Qxc4 33. Qg6 Nf6 34. Qf5 Qd5 35. Qc2 Nfd7 36. Qg6 Ne5 37. Qf5+ Kg8 38. Re4 Qxa2 39. h4 Qf7 40. Rxe5 Bxe5 41. Qxe5 gxh4 42. Qd4 Qe7 43. Qd2 Kg7 44. Qc3+ Kf7 45. Qd2 h5 46. Qf4+ Kg6 47. Qd2 Qc5+ 48. Kh2 Nd5 49. Qd3+ Kf6 50. Qd2 Ne7 51. Qh6+ Ng6 52. Qd2 a5 53. Qd8+ Ne7 54. Qe8 Qe5+ 55. Kh1 Qe1+ 56. Kh2 Qg3+ 57. Kh1 h3 58. Qf8+ Ke6 59. gxh3 Qxh3+ 60. Kg1 Qf5 61. Qa8 h4 62. Qb7 h3 63. Qb6+ Kf7 64. Qb3+ Kg6 65. Kh2 Kh5 66. f4 Kg4 67. Qxh3+ Kxf4 68. Qh4+ Kf3 69. Qxe7 Qc2+ 70. Kh1 Qg2# 0-1

[Event "Atina Open og KM 2024"]
[Site "Copenhagen"]
[Date "2024.11.09"]
[Round "5.9"]
[White "Slavensky, Asbjorn Vesterkaer"]
[Black "Jaksland, Tim"]
[Result "1-0"]
[WhiteElo "2104"]
[BlackElo "2116"]
[EventDate "2024.11.08"]
[EventType "swiss"]
[EventRounds "7"]
[EventCountry "DEN"]
[SourceTitle "Live v. Kasper Jerwiarz"]

1. d4 Nf6 2. c4 e6 3. Nf3 d5 4. Nc3 Bb4 5. Bg5 h6 6. Bxf6 Qxf6 7. Qb3 c5 8. cxd5 exd5 9. dxc5 Bxc3+ 10. Qxc3 Qxc3+ 11. bxc3 Nd7 12. Rd1 Nf6 13. e3 Bd7 14. Rb1 b6 15. cxb6 axb6 16. Rxb6 O-O 17. Bd3 Rxa2 18. O-O Rc8 19. Bb1 Ra3 20. Ne5 Raxc3 21. Rxf6 Bb5 22. Rb6 Bxf1 23. Kxf1 g6 24. Ke2 Kg7 25. Rb7 R8c7 26. Rxc7 Rxc7 27. Nf3 Kf6 28. Nd4 Rb7 29. Bc2 Rb6 30. Bb3 Ke5 31. f4+ Kd6 32. Kf3 Kc5 33. h4 h5 34. f5 gxf5 35. Bc2 Rb2 36. Kf4 Kc4 37. Kxf5 Kc3 38. Kf4 Kd2 39. Bb3 Rb1 40. Bxd5 f6 41. Bf7 Rh1 42. Nf3+ Kd3 43. Bxh5 Ra1 44. Bg6+ Ke2 45. h5 Kf2 46. h6 Kxg2 47. h7 Rh1 48. Kg4 Rh6 49. Nh4+ Kf2 50. e4 Ke2 51. Kf5 Rxh4 52. Kxf6 Ke3 53. Kg7 1-0

[Event "Atina Open og KM 2024"]
[Site "Copenhagen"]
[Date "2024.11.09"]
[Round "5.10"]
[White "Kistrup, Nicolai"]
[Black "Saravana, Vedant Kumar"]
[Result "1-0"]
[WhiteElo "2420"]
[BlackElo "2022"]
[EventDate "2024.11.08"]
[EventType "swiss"]
[EventRounds "7"]
[EventCountry "DEN"]
[SourceTitle "Live v. Kasper Jerwiarz"]

1. d4 d5 2. c4 c6 3. Nf3 Nf6 4. e3 e6 5. b3 Nbd7 6. Bd3 Bd6 7. Bb2 b6 8. O-O O-O 9. Nc3 Bb7 10. Qc2 Qe7 11. Rfe1 c5 12. cxd5 exd5 13. e4 dxe4 14. Nxe4 Nxe4 15. Bxe4 Bxe4 16. Rxe4 Qd8 17. Rd1 f5 18. Re6 Bf4 19. dxc5 bxc5 20. Qc4 Nb6 21. Rxb6+ Kh8 22. Rxd8 Raxd8 23. Bxg7+ Kxg7 24. Rb7+ Kg6 25. g3 Rd1+ 26. Kg2 Bg5 27. Nxg5 Kxg5 28. Qh4+ Kg6 29. Qxh7+ Kg5 30. h4+ Kg4 31. f3# 1-0